000
00298nam a2200133Ia 4500
003
OSt
005
20240111114054.0
008
170523s9999 xx 000 0 und d
020
_a
9788126515547
040
_c
iimtu
100
_a
Lee- J D
245
0
_a
Concise Inorganic chemistry
942
_2
ddc
_c
02
999
_c
11181
_d
11181